Anotaciones y comentarios de derecho romano I

Uloženo v:
Podrobná bibliografie
Hlavní autor: Abouhamad Hobaica, Chibly (Autor)
Médium: Kniha
Jazyk:španělština
Vydáno: Caracas s.n 1991
Vydání:6a. ed
Témata:
Tagy: Přidat tag
Žádné tagy, Buďte první, kdo vytvoří štítek k tomuto záznamu!

MARC

LEADER 00000nam a2200000 a 4500
001 UCX8931
003 CL-VaPUC
008 940506e19910000VE |||||||||||||||||spa|d
082 0 4 |a 340.54  |b ABO  |2 21 
100 0 |a Abouhamad Hobaica, Chibly  |e author  |9 326178 
245 1 0 |a Anotaciones y comentarios de derecho romano I 
250 |a 6a. ed 
300 |a v 
942 |c BK 
945 |d 19940506 00:00:00  |a aalvarez 
260 |a Caracas  |b s.n  |c 1991 
500 |a v.1: Introducción y períodos de la historia del derecho romano. Hechos y actos jurídicos. Sujeto de derecho e instituciones especiales de familia. Cosas y derechos reales 
650 0 |a Derecho romano  |9 255930 
650 0 |a Historia  |9 255047 
583 |a last modification  |c 20120812 03:05:51  |k Rodrigo Vera 
999 |c 228297  |d 228295 
952 |0 0  |1 0  |4 0  |6 340_540000000000000_ABO_1991  |7 0  |8 DER_ROM  |9 228211  |a BIBDER  |b BIBDER  |d 2019-11-15  |h v.1  |i 2977249  |l 1  |o 340.54 ABO 1991  |p 2977249  |r 2023-01-25  |s 2020-03-16  |w 2019-11-15  |x Ubicación 4to piso  |y BK  |z Este recurso debe solicitarse con anticipación  |k DER